Sports Quiz

Random Sports or World Quiz

World Series Champ's Best Slugger Quiz Stats

 Plays Quiz not verified by Sporcle

Challenge
Share
Tweet
Embed
Score 0/30 Timer 03:00
0 Plays Today
Year Slugger % Correct
2007David Ortiz
98.5%
2008Ryan Howard
97.5%
2004Manny Ramirez
97.5%
2006Albert Pujols
96.5%
2009Mark Teixeira
92.6%
2001Luis Gonzalez
92.6%
2005Paul Konerko
87.1%
2000Bernie Williams
84.7%
1996Bernie Williams
84.2%
1993Joe Carter
83.7%
1992Joe Carter
83.7%
1989Mark McGwire
78.2%
1988Kirk Gibson
78.2%
1980Mike Schmidt
76.2%
2010Aubrey Huff
74.3%
Year Slugger % Correct
1999Tino Martinez
73.3%
1998Tino Martinez
73.3%
2002Troy Glaus
71.8%
1986Darryl Strawberry
63.4%
1995Fred McGriff
53%
2003Mike Lowell
52%
1987Kent Hrbek
51.5%
1983Eddie Murray
51%
1991Chili Davis
35.1%
1985Steve Balboni
30.2%
1990Chris Sabo
29.2%
1997Moises Alou
22.8%
1981Ron Cey
22.8%
1984Lance Parrish
22.3%
1982George Hendrick
11.4%

You're not logged in!

Compare scores with friends on all Sporcle quizzes.
OR
Log In

You Might Also Like...

Show Comments

Extras

Top Quizzes Today


Score Distribution

Your Account Isn't Verified!

In order to create a playlist on Sporcle, you need to verify the email address you used during registration. Go to your Sporcle Settings to finish the process.

Report this User

Report this user for behavior that violates our Community Guidelines.

Details: